000 00277nam a22001217a 4500
008 170314b xxu||||| |||| 00| 0 eng d
041 _aeng
080 _a591
100 _a7
101 _aSHM
245 _aTREATISE ON INTERVERTEBRATE PALEONTOLOGY
_cMOORE, R.C
942 _2udc
_cBK
999 _c7779
_d7779